MARC
| LEADER | 00000nam a2200000 a 4500 | ||
|---|---|---|---|
| 001 | UCH3328 | ||
| 003 | CL-VaPUC | ||
| 008 | 090723e19990600CL |||||||||||||||||spa|d | ||
| 020 | |a 9562390594 | ||
| 082 | 0 | 4 | |a Ch863 |b CON |2 21 |
| 100 | 0 | |a Contreras, Gonzalo |e author |9 538615 | |
| 245 | 1 | 3 | |a El gran mal |
| 250 | |a 2a. ed | ||
| 300 | |a 330 p | ||
| 942 | |c BK | ||
| 945 | |d 20090723 00:00:00 |a dcastane | ||
| 260 | |a Santiago |b Alfaguara |c 1999 | ||
| 650 | 0 | |a Novelas chilenas |9 265425 | |
| 583 | |a last modification |c 20090723 00:00:00 |k Rodrigo Vera | ||
| 999 | |c 334921 |d 334919 | ||